Statistics for the behavioral sciences / (Record no. 5453)

MARC details
000 -LEADER
fixed length control field 03058cam a2200385 i 4500
001 - CONTROL NUMBER
control field 23171150
003 - CONTROL NUMBER IDENTIFIER
control field OSt
005 - DATE AND TIME OF LATEST TRANSACTION
control field 20260122114045.0
008 - FIXED-LENGTH DATA ELEMENTS--GENERAL INFORMATION
fixed length control field 230603t20242024caua b 001 0 eng d
010 ## - LIBRARY OF CONGRESS CONTROL NUMBER
LC control number 2023910425
020 ## - INTERNATIONAL STANDARD BOOK NUMBER
International Standard Book Number 9781544362816
Qualifying information (pbk ;
-- alk. paper)
020 ## - INTERNATIONAL STANDARD BOOK NUMBER
International Standard Book Number 1544362811
Qualifying information (pbk ;
-- alk. paper)
035 ## - SYSTEM CONTROL NUMBER
System control number 23171150
035 ## - SYSTEM CONTROL NUMBER
System control number (OCoLC)1395117933
040 ## - CATALOGING SOURCE
Language of cataloging eng
Transcribing agency Foundation University
Description conventions rda
042 ## - AUTHENTICATION CODE
Authentication code lccopycat
050 00 - LIBRARY OF CONGRESS CALL NUMBER
Classification number HA 29
Item number .2024 P75
100 1# - MAIN ENTRY--PERSONAL NAME
Personal name Privitera, Gregory J.,
Relator term author.
9 (RLIN) 14262
245 10 - TITLE STATEMENT
Title Statistics for the behavioral sciences /
Statement of responsibility, etc. Gregory J. Privitera, St. Bonaventure University.
250 ## - EDITION STATEMENT
Edition statement Fourth edition.
264 #1 - PRODUCTION, PUBLICATION, DISTRIBUTION, MANUFACTURE, AND COPYRIGHT NOTICE
Place of production, publication, distribution, manufacture Los Angeles :
Name of producer, publisher, distributor, manufacturer Sage,
Date of production, publication, distribution, manufacture, copy right date [2024]
Copyright Date 2024.
264 #4 - PRODUCTION, PUBLICATION, DISTRIBUTION, MANUFACTURE, AND COPYRIGHT NOTICE
Date of production, publication, distribution, manufacture, copy right date ©2024
Copyright Date 2024.
300 ## - PHYSICAL DESCRIPTION
Extent xliv, 909 pages :
Other physical details color illustrations ;
Dimensions 26 cm
Materials specified resource
Type of unit volume
336 ## - CONTENT TYPE
Content type term text
Content type code txt
Source rdacontent
337 ## - MEDIA TYPE
Media type term unmediated
Media type code n
Source rdamedia
338 ## - CARRIER TYPE
Carrier type term volume
Carrier type code nc
Source rdacarrier
Materials specified resource
504 ## - BIBLIOGRAPHY, ETC. NOTE
Bibliography, etc. note Includes bibliographical references (pages 897-903) and index.
505 0# - FORMATTED CONTENTS NOTE
Formatted contents note About the author -- Acknowledgments -- Preface to the instructor -- To the student : how to use spss with this book -- Introduction and descriptive statistics -- Introduction to statistics -- Summarizing data: frequency distributions in tables and graphs -- Summarizing data: central tendency -- Summarizing data: variability -- Probability and the foundations of inferential statistics -- Probability -- Probability, normal distributions, and Z scores -- Probability and sampling distributions -- Making inferences about one or two means -- Hypothesis testing: significance, effect size, and power -- Testing means : one-sample and two-independent-sample t tests -- Testing means : the related-samples T test -- Estimation and confidence intervals -- Making inferences about the variability of two or more means -- Analysis of variance: one-way between-subjects design -- Analysis of variance : one-way within-subjects (repeated-measures) design -- Analysis of variance: two-way between-subjects factorial design -- Making inferences about patterns, frequencies, and ordinal data -- Correlation -- Linear regression and multiple regression -- Nonparametric tests: chi-square tests -- Nonparametric tests: tests for ordinal data -- Afterword -- Appendix A. Overview of core statistical concepts and the behavioral sciences -- Appendix B. Basic math review and summation notation -- Appendix C. SPSSs general instructions guide -- Appendix D. Statistical tables -- Appendix E. Chapter solutions for even-numbered problems -- Glossary -- References.
650 #0 - SUBJECT ADDED ENTRY--TOPICAL TERM
Topical term or geographic name entry element Social sciences
General subdivision Statistical methods.
9 (RLIN) 14263
650 #0 - SUBJECT ADDED ENTRY--TOPICAL TERM
Topical term or geographic name entry element Psychology
General subdivision Statistical methods.
9 (RLIN) 14190
650 #6 - SUBJECT ADDED ENTRY--TOPICAL TERM
Topical term or geographic name entry element Sciences sociales
General subdivision Méthodes statistiques.
9 (RLIN) 14264
658 ## - INDEX TERM--CURRICULUM OBJECTIVE
Main curriculum objective Psychology, Bachelor of Science in.
856 ## - ELECTRONIC LOCATION AND ACCESS
Uniform Resource Identifier <a href="https://drive.google.com/file/d/1t3LillR1_NIiORDNbWp0Kx_tNoUdMmYe/view?usp=sharing">https://drive.google.com/file/d/1t3LillR1_NIiORDNbWp0Kx_tNoUdMmYe/view?usp=sharing</a>
Link text Click here to view the table of content
942 ## - ADDED ENTRY ELEMENTS (KOHA)
Source of classification or shelving scheme Library of Congress Classification
Koha item type Books
Edition Fourth edition.
Classification part HA 29
Item part .2024 P75
Call number prefix (CAS-Psy.)
Holdings
Uniform Resource Identifier Withdrawn status Lost status Source of classification or shelving scheme Damaged status Not for loan Collection code Home library Current library Shelving location Date acquired Source of acquisition Total Checkouts Full call number Barcode Date last seen Price effective from Koha item type Accession Number
https://drive.google.com/file/d/1t3LillR1_NIiORDNbWp0Kx_tNoUdMmYe/view?usp=sharing     Library of Congress Classification     Non-fiction Foundation University Library Foundation University Library CoArts & Sciences 01/22/2026 QT   (CAS-Psy.) HA 29 .2024 P75 0072026017009 01/22/2026 01/22/2026 Books CAS-Psy.-2026009